Caught in the act : New York actors face to face /

Bibliographic Details
Main Author: Shewey, Don
Other Authors: Shacter, Susan
Format: Book
Language:English
Published: New York : New American Library, [1986]
Subjects:

MARC

Tag First Indicator Second Indicator Subfields
LEADER 00000cam a2200000 a 4500
001 in00000588721
005 20151014072645.0
008 860605s1986 nyuac 00010deng
010 |a  86012834  
020 |a 0453005233 
035 |a (OCoLC)13795146 
035 |9 ACP3165AM 
040 |a DLC  |c DLC  |d TXA  |d UtOrBLW 
043 |a n-us---  |a n-us-ny 
049 |a TXAM  |c [A10101944] 
050 0 0 |a PN2285  |b .S484 1986 
082 0 |a 792/.028/0922  |a B  |2 19 
100 1 |a Shewey, Don. 
245 1 0 |a Caught in the act :  |b New York actors face to face /  |c photographs by Susan Shacter ; interviews by Don Shewey. 
264 1 |a New York :  |b New American Library,  |c [1986] 
264 4 |c ©1986 
300 |a 304 pages :  |b illustrations, portraits ;  |c 29 cm. 
336 |a text  |b txt  |2 rdacontent 
337 |a unmediated  |b n  |2 rdamedia 
338 |a volume  |b nc  |2 rdacarrier 
650 0 |a Actors  |z United States  |v Interviews. 
650 0 |a Actors  |z United States  |v Biography. 
650 0 |a Theater  |z New York (State)  |z New York. 
700 1 |a Shacter, Susan. 
999 |a MARS 
999 f f |s 33558546-1d7d-3f5e-aa1b-a7662f8ed57f  |i bd120cff-13e4-3bf8-9de3-bc616fe7ea2c  |t 0 
952 f f |p ric  |a Texas A&M University  |b Rellis Campus  |c Joint Library Facility  |d Remote Storage  |t 0  |e PN2285 .S484 1986  |h Library of Congress classification  |i unmediated -- volume  |m A14810101944 
998 f f |a PN2285 .S484 1986  |t 0  |l Remote Storage